Matematyka mentalna - mnożenie - Statystyki

Ogólne statystyki
  • Ten quiz został rozwiązany 2 261 razy
  • Średni wynik to 8 z 10
Statystyki odpowiedzi
Obliczenie Odpowiedź % Poprawnych
4 x 3 12
90%
2 x 7 14
90%
9 x 1 9
90%
2 x 5 10
89%
1 x 13 13
89%
6 x 3 18
88%
5 x 6 30
88%
5 x 8 40
88%
8 x 10 80
88%
30 x 3 90
88%
0.5 x 4 2
86%
1 x 2 2
86%
7 x 5 35
86%
11 x 10 110
85%
10 x 14 140
85%
15 x 3 45
85%
9 x 3 27
84%
20 x 6 120
83%
13 x 3 39
83%
17 x 2 34
82%
9 x 4 36
82%
6 x 9 54
82%
7 x 9 63
78%
7 x 8 56
76%
12 x 8 96
72%
6 x 2.5 15
70%
5 x 13 65
69%
16 x 5 80
68%
5 x 17 85
66%
Nie znaleziono quizów pasujących do podanych kryteriów
Rozkład punktacji
Procent ludzi z każdym wynikiem
Percentyl według liczby udzielonych odpowiedzi
Twoja historia wyników
Nie rozwiązałeś tego quizu